• 首页
  • 本馆介绍
  • 公告通知
  • 最新文献
  • 馆藏检索
  • 电子资源
  • 读者导购
  • 参考咨询
  • 我的图书馆
  • 登录
  • 详细信息显示
  • 放入我的书架
  • 预约/预借图书
  • 作者相关作品
  • 分类相关作品
  • 丛书相关作品
  • 出版社相关作品

书目信息

  • 表格格式
  • 工作单格式
  • 卡片格式
题名:
20世纪英国 : 帝国与遗产
    
 
作者: 摩根 著 ;宋云峰 译
分册:  
出版信息: 北京   外语教学与研究出版社  2008
页数: XI, 241页
开本: 18cm
丛书名:
单 册:
中图分类: H319.4 , K561.5
科图分类:
主题词: 现代史--英国--英语--汉语--对照读物 , 现代史 , 英语
电子资源:
ISBN: 978-7-5600-7779-6
000 01025nam0 2200289 45
001 1132097296
005 20110315111954.37
010    @a978-7-5600-7779-6@dCNY18.00
100    @a20110121d2008 ekmy0chiy0120 ea
101 2  @achi@ceng@aeng
102    @aCN@b110000
105    @aa z 000yy
106    @ar
200 1  @a20世纪英国 : 帝国与遗产@A20 Shi Ji Ying Guo : Di Guo Yu Yi Chan@dTwentieth-century Britain : a very short introduction@f Kenneth O.Morgan著@F Kenneth O.Morgan Zhu@g宋云峰译@zeng
210    @a北京@c外语教学与研究出版社@d2008
215    @aXI, 241页@c图, 地图, 肖像@d18cm
300    @a斑斓阅读·外研社英汉双语百科书系
510 1  @aTwentieth-century Britain : a very short introduction@zeng
606 0  @a现代史@y英国@x英语@x汉语@j对照读物
606 0  @a现代史
606 0  @a英语
690    @aH319.4@v4
690    @aK561.5@v4
701  1 @a摩根@AMo Gen@g(Morgan, Kenneth O.)@4著
702  0 @a宋云峰@ASong Yun Feng@4译
801  0 @aCN@bTANGWEI@c20110315
905    @b0532581-84@dH319.4@e1635@f4
    
    20世纪英国 : 帝国与遗产=Twentieth-century Britain : a very short introduction/ Kenneth O.Morgan著/宋云峰译.-北京:外语教学与研究出版社,2008
    XI, 241页:图, 地图, 肖像;18cm
    斑斓阅读·外研社英汉双语百科书系
    
    ISBN 978-7-5600-7779-6:CNY18.00
    
●
相关链接 在E读中查询图书 在五车中查询图书 在当当中查询图书 在豆瓣中查询图书


正题名:20世纪英国 : 帝国与遗产     索取号:H319.4/1635         预约/预借

序号 登录号 条形码 馆藏地/架位号 状态 备注
1 0532581   205325815   第二样本阅览室/ [索取号:H319.4/1635] 在馆    
2 0532582   205325824   密集书库—外国语学院/ [索取号:H319.4/1635] 在馆    
3 0532583   205325833   第四借阅区/ [索取号:H319.4/1635] 在馆    
4 0532584   205325842   第四借阅区/ [索取号:H319.4/1635] 在馆    
唐山师范学院图书馆 欢迎您!
大连网信软件有限公司© 版权所有